Evaluación de las plantaciones forestales en el área Sian Ka'an-Calakmul (Registro nro. 7017)

Detalles MARC
000 -CABECERA
Campo de control 00756nam a2200217 a 4500
005 - FECHA Y HORA DE LA ULTIMA TRANSACCION
Campo de control 20180803165422.0
008 - ELEMENTOS DE LONGITUD FIJA—INFORMACION GENERAL
Campo de control 160303s2007 mx o fr|||| 000 0 spa d
020 ## - ISBN
ISBN 9709000497
040 ## - FUENTE DE CATALOGACIÓN
Agencia catalogadora original CO-BoIAVH
Agencia transcriptora CO-BoIAVH
041 0# - IDIOMA
Código de idioma para texto/pista de sonido o título separado Español
044 ## - PAÍS DE PUBLICACIÓN
País de publicación México
082 04 - NUMERO DE CLASIFICACION DECIMAL DEWEY
Número de clasificación 581.73
Número del ítem S99e
100 1# - ASIENTO PRINCIPAL--NOMBRE PERSONAL
Nombre personal Synnott, Timothy
9 (RLIN) 63491
245 10 - MENCION DE TITULO
Título Evaluación de las plantaciones forestales en el área Sian Ka'an-Calakmul
260 ## - PUBLICACION, DISTRIBUCION, ETC. (PIE DE IMPRENTA)
Lugar de publicación, distribución, etc. Tlalpan :
Nombre del editor, distribuidor, etc. Comisión Nacional para el Conocimiento y Uso de la Biodiversidad ,
Fecha de publicación, distribución, etc. 2007.
300 ## - DESCRIPCION FISICA
Extensión 69 páginas :
Otros detalles físicos Fotografías a color ;
Dimensiones 23 x 16 cm.
504 ## - NOTA DE BIBLIOGRAFIA, ETC.
Nota de bibliografía Incluye referencias bibliográficas: páginas 65 - 69.
650 16 - ASIENTO SECUNDARIO DE MATERIA - TERMINO TEMATICO
Término temático o nombre geográfico como elemento de entrada Plantaciones forestales
9 (RLIN) 92198
650 26 - ASIENTO SECUNDARIO DE MATERIA - TERMINO TEMATICO
Término temático o nombre geográfico como elemento de entrada Arboles forestales
9 (RLIN) 63493
942 ## - ELEMENTOS ADICIONALES (KOHA)
Tipo de ítem Libro
Sistema de clasificación Dewey Decimal Classification
Existencias
Withdrawn status Lost status Sistema de Clasificación Damaged status No para préstamo Colección Inventariado Ubicación Permanente Ubicación actual Fecha de adquisición Fuente de Valor Valor Total Checkouts Número topográfico Inventario / Código de Barras Date last seen Ejemplar Price effective from Forma de adquisición Tipo de material
    Dewey Decimal Classification     General Inventariado 2017 Bogotá Bogotá 21/07/2009 Instituto 39000.00   LB-581.73 S99e 027359 04/12/2012 Ej.1 04/12/2012   Libro